00699nam a2200193Ia 4500003000900000008004100009040001600050080001600066100002800082245008700110260003900197300001600236650004100252650003600293650003700329942000700366999001500373952011700388IN-BaIIA211028s9999 xx 000 0 eng d cIIA Library a081:53bGIB aGibbs, Willard J.94642 4aThe scientific papers of J.Willard Gibbsbvol. 1, thermodynamicscWillard J. Gibbs aNew YorkbDover Publicationsc1961 axxvi, 434p. aAstronomy and Astrophysics thesaurus aCollected orks-J. W Gibbs94643 aJ. W Gibbs Collected works94644 cBK c2617d2617 00104070aBANbBANcGENd1966-03-30g11.25l0o081:53/ GIBp2921r2021-11-05v11.25w1966-03-30yBKGRs. 11.25